00949naa a22002537a 4500001001000000003000900010005001700019007000300036008003400039040005400073041000900127072001400136100001500150100002000165111008900185245007900274260003400353500012300387650001000510650003000520650001300550650001200563773012000575BR9400285BR-BrBNA20240918181056.0ta230509b bl.||||| |||| 00| 0 por d aBR-BrBNAbporcBiblioteca Nacional de Agricultura a(Pt) aF30b01801 aKlar, A.E.1 aDenadai, I.A.M.1 a22. Congresso Brasileiro de Engenharia AgricolacIlheus, BA (Brazil)d19-23 Jul 19931 aResistencia a seca em quatro cultivares de trigo 2: tolerancia ao aluminio3 aIlheus, BA (Brasil): c1993.  a22. Congresso Brasileiro de Engenharia Agricola. Anais Ilheus, BA (Brasil): 1993. v. 4 p. 2209-2219 (BR9400285-AM)F30  aTrigo aResistencia a Temperatura aAluminio aToxidez0 t22. Congresso Brasileiro de Engenharia Agricola. AnaiswF30 BR9400285gIlheus, BA (Brasil), 1993. v. 4 p. 2209-2219